000 00989nam a22002057a 4500
005 20260121124400.0
010 _aB-777901
020 _a9789394493179
_c200.00
035 _aB-777901
037 _bउपहार
082 _2
100 _aवर्मा, अल्पना
_986726
245 _aपँखो वाली राजकुमारीः बाल कहानी संग्रह/
_bअल्पना वर्मा
260 _aमध्य प्रदेश
_bभव्या पब्लिकेशन
_c2022
270 _aएल.जी. 42, लोअर ग्राउंड, करतार आर्केड रायसेन रोड भोपाल
_bमध्यप्रदेश-462023
300 _a79 पृ.
_c21सेमी (सजिल्द )
_bसचित्र
700 _983297
942 _2ddc
_cCH
_h
_mवर्माअ
999 _c214384
_d214384